Teoría de las probabilidades /

Detalles Bibliográficos
Autor principal: Rodríguez Prieto, Fernando José Miguel (Autor)
Formato: Electrónico eBook
Lenguaje:español
Publicado: Bogotá : Editorial Pontificia Universidad Javeriana, [2025]
Edición:Primera edición.
Materias:
Acceso en línea:Digitalia Hispánica

MARC

LEADER 00000nam a2200000Ii 4500
001 DIGEPUJ0493
003 NyNyDIG
006 m o d
007 cr |||||||||||
008 250909s2025 ck a o 000 0 spa d
035 |a (OCoLC)1535343447 
040 |a DGITA  |b eng  |e rda  |e pn  |c DGITA 
020 |a 9789587819861  |q (digital) 
020 |z 9789587819854  |q (impreso) 
050 1 4 |a QA273 ebook 
100 1 |a Rodríguez Prieto, Fernando José Miguel,  |e author. 
245 1 0 |a Teoría de las probabilidades /  |c Fernando José Miguel Rodríguez Prieto. 
250 |a Primera edición. 
264 1 |a Bogotá :  |b Editorial Pontificia Universidad Javeriana,  |c [2025] 
300 |a 1 online resource :  |b illustrations. 
336 |a text  |b txt  |2 rdacontent 
337 |a computer  |b c  |2 rdamedia 
338 |a online resource  |b cr  |2 rdacarrier 
347 |a text file  |2 rdaft 
347 |b PDF 
588 0 |a Online resource; title from PDF title page (Digitalia, viewed September 9, 2025) 
650 0 |a Probabilities. 
650 0 |a Mathematical statistics. 
791 2 |a Digitalia (Firm),  |e distributor. 
793 0 |g Digitalia eBook Collection:  |a Pontificia Universidad Javeriana 
776 0 8 |i Print version:  |a Rodríguez Prieto, Fernando José Miguel.  |t Teoría de las probabilidades.  |b Primera edición.  |d Bogotá : Editorial Pontificia Universidad Javeriana, [2025]  |z 9789587819854 
856 4 0 |3 Digitalia Hispánica  |u https://www.digitaliapublishing.com/a/179966/ 
910 |a Premium collection: 2025